Statistics for World Geography A-Z

Click here to take the quiz!

General Stats

  • This quiz has been taken 129 times
  • The average score is 21 of 26

Answer Stats

LetterHintAnswer% Correct
CPablo Escobar's home countryColombia
98%
HCaribbean island nation formed by a slave revolt against the FrenchHaiti
96%
ALargest river in the world by volumeAmazon
95%
DFirst U.S. state to ratify the constitutionDelaware
95%
ELine of latitude that divides the Northern and Southern HemispheresEquator
95%
IThe only Jewish majority state in the worldIsrael
95%
W"Country" in the UKWales
94%
GIts islands include Santorini, Zakynthos, and RhodesGreece
93%
JLargest city in South AfricaJohannesburg
92%
TIsland controversially claimed by the People's Republic of ChinaTaiwan
92%
FCurrency of Senegal, Mali and SwitzerlandFranc
91%
NBavarian city that hosted many Nazi rallies, and later war crime trialsNuremberg
85%
QMost abundant mineral on earthQuartz
79%
LHard-to-spell capital of SloveniaLjubljana
78%
UWord used in the title of three separate countries (JetPunk names)United
78%
PA landform that is mostly surrounded by water e.g. Labrador and IndochinaPeninsula
77%
OThe remote and arid central region of AustraliaOutback
73%
YInformal demonym of an American, especially one from the northYankee
73%
BIsland shared by three different countriesBorneo
71%
KIndonesian volcano that erupted massively in 1883Krakatoa
68%
RGroup of languages that includes French, Spanish and ItalianRomance
65%
VCity formerly known as StalingradVolgograd
65%
SLingua franca of Tanzania, Kenya and UgandaSwahili
63%
ZRiver of Southern Africa, famous for the Victoria FallsZambezi
63%
MGeographical and historical region in Northeast ChinaManchuria
61%
XSouth African Ethnic group that Nelson Mandela was a part ofXhosa
41%

Score Distribution

Percentile by Number Answered

Percent of People with Each Score

Your Score History

You have not taken this quiz